| 000 | 004790000a22001570004500 | ||
|---|---|---|---|
| 003 | MACL | ||
| 005 | 20180220172033.0 | ||
| 008 | 180220b xxu||||| |||| 00| 0 eng d | ||
| 040 | _cmacl | ||
| 100 |
_aमुंशी,प्रेमचन्द्र _970493 |
||
| 245 | _aबडे घर की बेटी | ||
| 260 |
_bविवेक प्रकाशन _c2002 |
||
| 350 | _a100 | ||
| 650 |
_aचिल्ड्रन बुक _9159 |
||
| 942 |
_cHIN _k741.642 _2ddc |
||
| 999 |
_c18487 _d18487 |
||